Vývoj systémů veřejné správy
Gespeichert in:
| 1. Verfasser: | |
|---|---|
| Weitere Verfasser: | |
| Format: | Buch |
| Sprache: | Tschechisch |
| Veröffentlicht: |
Praha
Professional Publishing
2001
|
| Schlagworte: | |
| Tags: |
Keine Tags, Fügen Sie das erste Tag hinzu!
|
MARC
| LEADER | 00000nam$a2200000$$$4500 | ||
|---|---|---|---|
| 001 | 0013471 | ||
| 005 | 20221129101243.0 | ||
| 020 | |a 80-86419-13-4 | ||
| 041 | 0 | |a cze | |
| 044 | |a CZ | ||
| 245 | 1 | 0 | |a Vývoj systémů veřejné správy |c Karel Lacina, Vladimír Čechák |
| 264 | 1 | |a Praha |b Professional Publishing |c 2001 | |
| 300 | |a 115 s. | ||
| 610 | 2 | 0 | |a správa verejná |
| 610 | 2 | 0 | |a história |
| 610 | 2 | 0 | |a Európa |
| 610 | 2 | 0 | |a Česko |
| 610 | 2 | 0 | |a systémy správne |
| 100 | 1 | |a Lacina, Karel | |
| 700 | 1 | |a Čechák, Vladimír | |